000 00618nam a2200241Ia 4500
003 OSt
005 20220924135520.0
006 a|||||r|||| 00| 0
007 ta
008 220923b |||||||| |||| 00| 0 ben d
020 _c25
024 _a291492
037 _cTextual
040 _aARTS
_cARTS
_bben
041 _2ben
_aben
082 _aO157:g, M62
100 _aRoy Jibendra Sinha
_9210430
245 0 _aBanga bharatir jhanpi
_b Collection of essays
260 _c1986
650 _aBENGALI LITERATURE
942 _hO157:g, M62
_cTEXL
_2CC
999 _c440958
_d440958